000 00471nam a2200181Ia 4500
008 240925s9999 xx 000 0 und d
020 _a71159975
082 _a621.392 HAY
100 _aHayes ,John . P
245 0 _aComputer Architecture and Organization
250 _a3rd
260 _aBoston:
_bMC Graw-Hill
_c,1998.
300 _axiii,418p.
_bNA
_fPhotocopy
500 _aIncludes Index
600 _aElectronic Engineering
650 _aTechnology
942 _cBK
999 _c6387
_d6387